000 00293nam a22001337a 4500
008 171027b xxu||||| |||| 00| 0 eng d
020 _a9781401851804
041 _aeng
080 _a336
100 _a55
101 _aMEN
245 _aTHE BUSINESS OF CHILD CARE
_cJACK,G
942 _2udc
_cBK
999 _c36082
_d36082